Kitāb sufun al-usṭūl al-Islāmī wa-anwāʻihā wa-muʻaddātihā fī al-Islām
محفوظ في:
المؤلف الرئيسي:
التنسيق: كتاب
اللغة: Undetermined
منشور في:
Cairo
Maṭbaʻat al-Hilā
1914
الوسوم: إضافة وسم
لا توجد وسوم, كن أول من يضع وسما على هذه التسجيلة!
رقم الطلب: N17 OBAD
| LEADER | 00404nam a2200121Ia 4500 | ||
|---|---|---|---|
| 008 | 240404s9999||||xx |||||||||||||| ||und|| | ||
| 050 | 4 | |a N17 OBAD | |
| 100 | 1 | |a ʻAbd al-Fattāh. ʻIbādah. | |
| 245 | 1 | 0 | |a Kitāb sufun al-usṭūl al-Islāmī wa-anwāʻihā wa-muʻaddātihā fī al-Islām |c ʻAbd al-Fattāh. ʻIbādah |
| 264 | 1 | |a Cairo |b Maṭbaʻat al-Hilā |c 1914 | |
| 300 | |a 32 |c 23 | ||
| 942 | |2 lcc |c BK | ||
| 999 | |c 57934 |d 57934 | ||
